Airports by Satellite Images - Statistics

General Stats
  • This quiz has been taken 252 times
  • The average score is 75 of 377
Answer Stats
Picture Answer % Correct
Frankfurt
75%
Atlanta
69%
Chicago
69%
Beijing
61%
Shanghai
61%
Amsterdam
59%
New York
59%
Chicago
58%
New York
58%
Tokyo
58%
Beijing
57%
Madrid
57%
Hong Kong
55%
Paris
55%
Sydney
55%
Cairo
54%
London
54%
New York
53%
Osaka
52%
Doha
51%
Las Vegas
50%
San Francisco
49%
Dallas
48%
Denver
48%
London
48%
Los Angeles
47%
London
46%
Abu Dhabi
45%
Barcelona
45%
Dubai
45%
Istanbul
45%
Paris
42%
Zurich
42%
Boston
40%
Washington
40%
Berlin
39%
Munich
39%
Seoul
39%
Tokyo
38%
Berlin
36%
Istanbul
36%
Miami
36%
Shanghai
36%
Singapore
36%
Washington
36%
Melbourne
35%
Hanoi
34%
Jakarta
34%
Rome
34%
Macau
33%
Mexico City
33%
Nice
33%
Orlando
33%
Rio de Janeiro
33%
Toronto
33%
Rio de Janeiro
32%
Seattle
32%
Bangkok
31%
Moscow
31%
Vienna
31%
Auckland
30%
Copenhagen
30%
Dallas
30%
Delhi
30%
Honolulu
30%
Houston
30%
Moscow
30%
Palma
30%
Kuala Lumpur
29%
Mumbai
29%
Bangkok
28%
Brussels
28%
Guangzhou
28%
Jeddah
28%
Moscow
28%
Sao Paulo
28%
Sao Paulo
28%
Stockholm
28%
Detroit
27%
Dublin
27%
Los Angeles
27%
Minneapolis
27%
Nagoya
27%
Phoenix
27%
Istanbul
26%
Lisbon
26%
Los Angeles
26%
Malaga
26%
Manchester
26%
San Diego
26%
Seoul
26%
Shenzhen
26%
Cancun
25%
Johannesburg
25%
Lagos
24%
Philadelphia
24%
Vancouver
24%
Baku
23%
Dusseldorf
23%
Hamburg
23%
Louisville
23%
Nairobi
23%
Prague
23%
Pyongyang
23%
St. Louis
23%
Taipei
23%
Tel Aviv
23%
Buenos Aires
22%
Buenos Aires
22%
Chengdu
22%
Chongqing
22%
Geneva
22%
Perth
22%
Santiago
22%
Tampa
22%
Brisbane
21%
Charlotte
21%
Chengdu
21%
Helsinki
21%
Houston
21%
Manila
21%
Muscat
21%
Wellington
21%
Algiers
20%
Anchorage
20%
Cape Town
20%
Denpasar
20%
Fort Lauderdale
20%
Genoa
20%
Kunming
20%
Kuwait City
20%
Milan
20%
New Orleans
20%
Phuket
20%
Riyadh
20%
Warsaw
20%
Athens
19%
Beirut
19%
Bogota
19%
Hurghada
19%
Mexico City
19%
Naha
19%
Oslo
19%
Salt Lake City
19%
Taipei
19%
Baghdad
18%
Basel
18%
Bucharest
18%
Budapest
18%
Kansas City
18%
Kyiv
18%
Memphis
18%
Palermo
18%
Panama City
18%
Tehran
18%
Addis Ababa
17%
Antalya
17%
Baltimore
17%
Birmingham
17%
Christchurch
17%
Cologne
17%
Ho Chi Minh City
17%
Karachi
17%
Las Palmas
17%
Montreal
17%
Portland
17%
Qingdao
17%
Sapporo
17%
Sochi
17%
Venice
17%
Wuhan
17%
Bengaluru
16%
Hangzhou
16%
Larnaca
16%
Lima
16%
Pittsburgh
16%
San Juan
16%
Sofia
16%
St Petersburg
16%
Stuttgart
16%
Zhengzhou
16%
Ankara
15%
Calgary
15%
Harbin
15%
Kingston
15%
Manama
15%
Nanjing
15%
Porto
15%
Reno
15%
San Jose
15%
Tianjin
15%
Adelaide
14%
Amman
14%
Austin
14%
Belgrade
14%
Brasilia
14%
Campinas
14%
Caracas
14%
Dammam
14%
Darwin
14%
Dhaka
14%
Fort Myers
14%
Glasgow
14%
Haikou
14%
Indianapolis
14%
Islamabad
14%
Jeju
14%
Luanda
14%
Manaus
14%
Minsk
14%
Montevideo
14%
Nanning
14%
Nashville
14%
Qingdao
14%
Quito
14%
Raleigh
14%
Saint Denis
14%
Santa Cruz
14%
Shenyang
14%
Tunis
14%
Xi'an
14%
Abuja
13%
Accra
13%
Ashgabat
13%
Bilbao
13%
Canberra
13%
Casablanca
13%
Changchun
13%
Cincinnati
13%
Damascus
13%
Hannover
13%
La Paz
13%
Lyon
13%
Medina
13%
Port Louis
13%
Punta Cana
13%
Sacramento
13%
San Antonio
13%
Ulaanbaatar
13%
Urumqi
13%
Xiamen
13%
Albuquerque
12%
Almaty
12%
Changsha
12%
Cleveland
12%
Edinburgh
12%
Fukuoka
12%
Harare
12%
Hefei
12%
Kabul
12%
Lhasa
12%
Luxembourg
12%
Marseilles
12%
Naples
12%
Nassau
12%
Ningbo
12%
Sanya
12%
Sharjah
12%
Shijiazhuang
12%
Tallinn
12%
Yerevan
12%
Alexandria
11%
Alicante
11%
Bergen
11%
Birmingham
11%
Brazzaville
11%
Cagliari
11%
Chennai
11%
Colorado Springs
11%
Columbus
11%
Dalian
11%
Dar es Salaam
11%
Edmonton
11%
Fortaleza
11%
Fuzhou
11%
Gdansk
11%
Greensboro
11%
Guiyang
11%
Havana
11%
Izmir
11%
Jinan
11%
Kaliningrad
11%
Kolkata
11%
Lahore
11%
Medan
11%
Medellin
11%
Milwaukee
11%
Nur-Sultan
11%
Oklahoma City
11%
Port Moresby
11%
Richmond
11%
Riga
11%
Santa Cruz
11%
Santo Domingo
11%
Simferopol
11%
Taiyuan
11%
Turin
11%
Valencia
11%
Wenzhou
11%
Xining
11%
Yangon
11%
Yantai
11%
Zagreb
11%
Zhuhai
11%
Batam
10%
Belo Horizonte
10%
Bodrum
10%
Bologna
10%
Buffalo
10%
Busan
10%
Durban
10%
Gothenburg
10%
Ibiza
10%
Jacksonville
10%
Kaohsiung
10%
Lanzhou
10%
Maputo
10%
Montego Bay
10%
Naypyidaw
10%
Pristina
10%
Salvador
10%
Stavanger
10%
Surabaya
10%
Tijuana
10%
West Palm Beach
10%
Winnipeg
10%
Wonsan
10%
Adana
9%
Barranquilla
9%
Basra
9%
Florianopolis
9%
Guatemala City
9%
Guayaquil
9%
Kish
9%
Kochi
9%
Kota Kinabalu
9%
Ljubljana
9%
Lome
9%
Nanchang
9%
Negombo
9%
Odessa
9%
Port-au-Prince
9%
Recife
9%
Rochester
9%
Shantou
9%
Skopje
9%
Tbilisi
9%
Vitoria
9%
Ahmedabad
8%
Aleppo
8%
Bandar Seri Begawan
8%
Bari
8%
Catania
8%
Cebu
8%
Da Nang
8%
Erbil
8%
Faro
8%
Fethiye
8%
George Town
8%
Goiania
8%
Harrisburg
8%
Hohhot
8%
Hyderabad
8%
Johor Bahru
8%
Little Rock
8%
Liuzhou
8%
Lusaka
8%
Maceio
8%
Makassar
8%
Maracaibo
8%
Natal
8%
Nicosia
8%
Porto Alegre
8%
Port of Spain
8%
Tulsa
8%
Yinchuan
8%
Mandalay
7%
No matching quizzes found
Score Distribution
Percent of People with Each Score
Percentile by Number Answered
Your Score History
You have not taken this quiz